El pensamiento pontificio y la legislación social española / (Record no. 117010)

MARC details
000 -LEADER
campo de control de longitud fija 00750nam a2200229 i 4500
001 - NÚMERO DE CONTROL
campo de control 117010
003 - IDENTIFICADOR DE NÚMERO DE CONTROL
campo de control ES-MaACL
005 - FECHA Y HORA DE LA ÚLTIMA TRANSACCIÓN
campo de control 20250830111413.0
007 - CAMPO FIJO DE DESCRIPCIÓN FÍSICA--INFORMACIÓN GENERAL
campo de control de longitud fija t|
008 - DATOS DE LONGITUD FIJA--INFORMACIÓN GENERAL
campo de control de longitud fija 071121s1950 sp |||| | spa d
080 ## - NÚMERO DE LA CLASIFICACIÓN DECIMAL UNIVERSAL
Número de la Clasificación Decimal Universal 282:304.4
080 ## - NÚMERO DE LA CLASIFICACIÓN DECIMAL UNIVERSAL
Número de la Clasificación Decimal Universal 351.83/.84(460)"1939/55"
245 03 - MENCIÓN DEL TÍTULO
Título El pensamiento pontificio y la legislación social española /
Mención de responsabilidad, etc. prólogo de Pedro Rocamora.
250 ## - MENCION DE EDICION
Mención de edición 4ª. ed.
260 ## - PUBLICACIÓN, DISTRIBUCIÓN, ETC.
Lugar de publicación, distribución, etc. Madrid :
Nombre del editor, distribuidor, etc. Publicaciones Españolas,
Fecha de publicación, distribución, etc. 1950.
300 ## - DESCRIPCIÓN FÍSICA
Extensión XXIII, 306 p. ;
Dimensiones 24 cm.
610 24 - PUNTO DE ACCESO ADICIONAL DE MATERIA--NOMBRE DE ENTIDAD CORPORATIVA
Nombre de entidad corporativa o nombre de jurisdicción como elemento de entrada Iglesia Católica-
Subdivisión general Doctrina social
9 (RLIN) 4642
651 #4 - PUNTO DE ACCESO ADICIONAL DE MATERIA--NOMBRE GEOGRÁFICO
Nombre geográfico España-
Subdivisión general Política social-
Subdivisión cronológica 1939-1975.
9 (RLIN) 156814
700 1# - ENTRADA AGREGADA--NOMBRE PERSONAL
Nombre de persona Rocamora, Pedro,
Fechas asociadas al nombre 1910-1993
9 (RLIN) 156813
852 ## - LOCALIZACIÓN
Ubicación ES-MaACL
Número de control de estantería C-9203
Holdings
Estatus retirado Estado de pérdida Estado de daño No para préstamo Biblioteca de origen Biblioteca actual Ubicación en estantería Fecha de adquisición Fuente de adquisición Total de préstamos Signatura topográfica completa Código de barras Visto por última vez Precio de reemplazo Tipo de ítem Koha
        Biblioteca del Ateneo de Madrid Biblioteca del Ateneo de Madrid Sala Palomar 17/01/2008     C-9203 1121999 23/02/2023 23/02/2023 Libro impreso